|
|
|
|
| LEADER |
01794nam a2200433 i 4500 |
| 001 |
EBC4519661 |
| 003 |
MiAaPQ |
| 005 |
20200520144314.0 |
| 006 |
m o d | |
| 007 |
cr cnu|||||||| |
| 008 |
160518t20162016enk o 000 0 eng d |
| 020 |
|
|
|z 9781849287951
|
| 020 |
|
|
|a 9781849287968
|q (electronic bk.)
|
| 035 |
|
|
|a (MiAaPQ)EBC4519661
|
| 035 |
|
|
|a (Au-PeEL)EBL4519661
|
| 035 |
|
|
|a (CaPaEBR)ebr11206571
|
| 035 |
|
|
|a (OCoLC)949326956
|
| 040 |
|
|
|a MiAaPQ
|b eng
|e rda
|e pn
|c MiAaPQ
|d MiAaPQ
|
| 050 |
|
4 |
|a HD31
|b .C665 2016
|
| 082 |
0 |
|
|a 658
|2 23
|
| 100 |
1 |
|
|a Cooke, Jamie Lynn,
|e author.
|
| 245 |
1 |
0 |
|a Agile :
|b an executive guide : real results from it budgets /
|c Jamie Lynn Cooke.
|
| 250 |
|
|
|a Second edition.
|
| 264 |
|
1 |
|a Cambridgeshire, England :
|b IT Governance Publishing,
|c 2016.
|
| 264 |
|
4 |
|c 2016
|
| 300 |
|
|
|a 1 online resource (113 pages)
|
| 336 |
|
|
|a text
|2 rdacontent
|
| 337 |
|
|
|a computer
|2 rdamedia
|
| 338 |
|
|
|a online resource
|2 rdacarrier
|
| 588 |
|
|
|a Description based on online resource; title from PDF title page (ebrary, viewed May 18, 2016).
|
| 590 |
|
|
|a Electronic reproduction. Ann Arbor, MI : ProQuest, 2016. Available via World Wide Web. Access may be limited to ProQuest affiliated libraries.
|
| 650 |
|
0 |
|a Industrial management.
|
| 650 |
|
0 |
|a Organizational effectiveness.
|
| 650 |
|
0 |
|a Business planning.
|
| 650 |
|
0 |
|a Information technology
|x Management.
|
| 655 |
|
4 |
|a Electronic books.
|
| 776 |
0 |
8 |
|i Print version:
|a Cooke, Jamie Lynn.
|t Agile : an executive guide : real results from it budgets.
|b Second edition.
|d Cambridgeshire, England : IT Governance Publishing, c2016
|h 113 pages
|z 9781849287951
|
| 797 |
2 |
|
|a ProQuest (Firm)
|
| 856 |
4 |
0 |
|u https://ebookcentral.proquest.com/lib/matrademy/detail.action?docID=4519661
|z Click to View
|